000 01492nam a22003735i 4500
001 vtls003275093
003 MY-SjTCS
005 20200508125049.0
007 cr nn 008mamaa
008 180116s2015 gw | s |||| 0|eng d
020 _a9783319103204
_9978-3-319-10320-4
035 _a(DE-He213)978-3-319-10320-4
039 9 _a201801161617
_bshuhada
_c201801161544
_dshuhada
_c201712271723
_dshuhada
_c201712271722
_dshuhada
_y201712271712
_zshuhada
082 0 4 _a610
_223
245 1 0 _aAnimal cell culture
_h[electronic resource] /
_cedited by Mohamed Al-Rubeai.
264 1 _aCham :
_bSpringer International Publishing :
_bImprint: Springer,
_c2015.
300 _axii, 763 p. 106 illus., 73 illus. in color.
_bonline resource.
336 _atext
_2rdacontent
337 _acomputer
_2rdamedia
338 _aonline resource
_2rdacarrier
347 _atext file
_bPDF
_2rda
490 1 _aCell Engineering,
_x1389-6946 ;
_v9
650 0 _aMedicine.
650 0 _aCytology.
650 0 _aStem cells.
_916889
650 0 _aCell culture.
700 1 _aAl-Rubeai, Mohamed.
710 2 _aSpringerLink (Online service)
773 0 _tSpringer eBooks
776 0 8 _iPrinted edition:
_z9783319103198
830 0 _aCell Engineering,
_x1389-6946 ;
_v9
856 4 0 _uhttps://ezproxy.taylors.edu.my/login?url=https://link.springer.com/book/10.1007/978-3-319-10320-4
_zAn electronic book accessible through the World Wide Web; click to view
999 _c162240